Statistics for Largest city in each Michigan county

Click here to take the quiz!

General Stats

  • This quiz has been taken 48 times
  • The average score is 40 of 82

Answer Stats

CountyPop.City% Correct
Wayne672,662Detroit
96%
Washtenaw121,890Ann Arbor
93%
Bay33,019Bay City
89%
Kent200,217Grand Rapids
89%
Kalamazoo76,545Kalamazoo
89%
Ingham118,427Lansing
89%
Marquette20,680Marquette
89%
Midland41,800Midland
89%
Monroe19,715Monroe
89%
Muskegon37,287Muskegon
89%
Saginaw48,323Saginaw
89%
Grand Traverse15,651Traverse City
89%
Calhoun51,247Battle Creek
85%
Genesee95,943Flint
85%
Allegan/Ottawa33,327Holland
85%
Jackson32,605Jackson
85%
Chippewa13,552Sault Ste. Marie
81%
St. Clair28,927Port Huron
78%
Macomb134,587Warren
78%
Alpena9,963Alpena
74%
Houghton7,993Houghton
74%
Cheboygan4,712Cheboygan
70%
Delta12,181Escanaba
67%
Oakland84,272Troy
67%
Hillsdale8,049Hillsdale
63%
Menominee8,148Menominee
63%
Ionia10,952Ionia
59%
Lapeer8,621Lapeer
59%
Wexford10,445Cadillac
56%
Kalkaska2,226Kalkaska
56%
Manistee6,116Manistee
56%
Mackinaw2,326St. Ignace
56%
Isabella25,388Mt. Pleasant
52%
Lenawee20,423Adrian
48%
Huron2,945Bad Axe
48%
Clare3,069Clare
48%
Gladwin2,887Gladwin
48%
Dickinson7,353Iron Mountain
48%
Gogebic4,936Ironwood
48%
Mason8,137Ludington
48%
Roscommon1,053Roscommon
48%
Otsego3,701Gaylord
44%
Berrien11,158Niles
44%
Ontonagon1,769Ontonagon
44%
Shiawassee14,404Owosso
44%
Emmett5,738Petoskey
44%
Mecosta10,395Big Rapids
41%
Branch12,250Coldwater
41%
Crawford1,838Grayling
41%
Iron2,839Iron River
37%
Alger2,195Munising
37%
Presque Isle2,679Rogers City
37%
Clinton7,887St. Johns
37%
Ogemaw2,057West Branch
37%
Baraga2,053Baraga
33%
Eaton9,088Charlotte
33%
Barry7,315Hastings
33%
Gratiot8,920Alma
30%
Iosco2,710East Tawas
30%
Benzie1,280Frankfort
30%
Luce2,686Newberry
30%
Van Buren4,334South Haven
30%
Cass5,735Dowagiac
26%
Livingston9,618Howell
26%
St. Joseph10,806Sturgis
26%
Lake1,208Baldwin
22%
Tuscola4,000Caro
22%
Montcalm8,449Greenville
22%
Missaukee836Lake City
22%
Schoolcraft2,934Manistique
22%
Newaygo4,103Fremont
19%
Alcona467Harrisville
19%
Osceola2,381Reed City
19%
Sanilac2,526Sandusky
19%
Arenac1,400Standish
19%
Charlevoix3,750Boyne City
15%
Antrim1,642Elk Rapids
15%
Oceana2,091Hart
15%
Montmorency701Hillman
7%
Oscoda2,827Big Creek Township
4%
Leelanau1,530Greilickville
4%
Keweenaw1,337Mohawk
4%

Score Distribution

Percentile by Number Answered

Percent of People with Each Score

Your Score History

You have not taken this quiz